Dogma socialista y otras páginas políticas /

Bibliographic Details
Main Author: Echeverría, Esteban, 1805-1851
Format: Electronic eBook
Language:Spanish
Published: Barcelona : www.Linkgua.com, 2011.
Series:Diferencias (Linkgua Ediciones)
Subjects:
Online Access:Digitalia Hispánica

MARC

LEADER 00000nam a2200000Ii 4500
001 DIGLINK00262
003 NyNyDIG
006 m o d
007 cr |||||||||||
008 130901s2011 sp o 000 0 spa d
020 |a 9788498970401  |q (eBook) 
020 |z 9788493343996 
035 |a (OCoLC)888269439 
040 |a DGITA  |b eng  |e pn  |c DGITA 
043 |a s-ag--- 
050 1 4 |a F2846 eBook 
100 1 |a Echeverría, Esteban,  |d 1805-1851.  
245 1 0 |a Dogma socialista y otras páginas políticas /  |c Esteban Echeverría. 
264 1 |a Barcelona :  |b www.Linkgua.com,  |c 2011.  
300 |a 1 online resource (163 pages) 
336 |a text  |b txt  |2 rdacontent 
337 |a computer  |b c  |2 rdamedia 
338 |a online resource  |b cr  |2 rdacarrier 
490 1 |a Diferencias. 
610 2 0 |a Asociación de Mayo (Argentina)  
650 0 |a Socialism.  
651 0 |a Argentina  |x Politics and government  |y 1817-1860  
655 0 |a Electronic books. 
791 2 |a Digitalia (Firm),  |e distributor. 
830 0 |a Diferencias (Linkgua Ediciones) 
793 0 |g Digitalia eBook Collection:  |a Linkgua. 
856 4 0 |3 Digitalia Hispánica  |u https://www.digitaliapublishing.com/a/12991/ 
910 |a Premium Collection: 2007-2012